000 01910nam0a2200337 i 4500
001 RU\NLR\BIBL_A\011147260
005 20240921124659.0
010 _a9785990742369
_9100
021 _aRU
_b2016-43061
_92758
035 _a(NILC)RuMoRGB-008496046
035 _a(NLR Aleph) 011147260
090 _a11651679
_c11651679
100 _a20160606d2015 k y0rusy50 ca
101 0 _arus
102 _aRU
105 _aa|||z|||000yy
200 1 _aУправление интеграционными процессами в инвестиционно-строительной сфере региона
_eмонография
_fД. Н. Лапаев, Е. В. Саксина
_gМ-во образования и науки Рос. Федерации, Федер. гос. бюджет. образоват. учреждение высш. проф. образования "Нижегородский гос. техн. ун-т им. Р. Е. Алексеева", Вольное экономическое о-во России, Рос. акад. естеств. наук
210 _aНижний Новгород
_cНГТУ
_d2015
215 _a159 с.
_cил.
_d20
320 _aБиблиогр.: с. 149-159 (105 назв.)
606 1 _aСтроительные комплексы региональные
_xУправление
_yРоссийская Федерация
_92353302
_3RU\NLR\AUTH\661405811
606 1 _aСтроительная промышленность
_xИнвестиции капитала
_yРоссийская Федерация
_92159228
_3RU\NLR\AUTH\661299590
686 1 _aУ31(2)-434-21(2Р)
686 1 _aУ31(2)-56(2Р)
700 1 _aЛапаев
_bД. Н.
_gДмитрий Николаевич
701 1 _aСаксина
_bЕ. В.
_gЕлена Валерьевна
801 0 _aRU
_bРГБ
_c20160524
_gRCR
942 _cBOOK
980 _aNBR